[Event "Bundesliga 1213"]
[Site "Germany"]
[Date "2013.04.05"]
[Round "13.2"]
[White "Stellwagen, Daniel"]
[Black "Rustemov, Alexander"]
[Result "1/2-1/2"]
[WhiteElo "2622"]
[BlackElo "2544"]
[PlyCount "57"]
[EventDate "2012.10.20"]
[EventType "team-tourn"]
[EventRounds "15"]
[EventCountry "GER"]
[SourceTitle "CBM 154"]
[Source "ChessBase"]
[SourceDate "2013.05.15"]
[SourceVersion "1"]
[SourceVersionDate "2013.05.15"]
[SourceQuality "1"]
[WhiteTeam "Solingen"]
[BlackTeam "Wattenscheid"]
[WhiteTeamCountry "GER"]
[BlackTeamCountry "GER"]

1. e4 e6 2. d4 d5 3. Nc3 Bb4 4. e5 c5 5. a3 Bxc3+ 6. bxc3 Qa5 7. Bd2 Qa4 8. Qb1 c4 9. Ne2 Nc6 10. g3 Bd7 11. Bh3 0-0-0 12. Nf4 Nge7 13. Nh5 Rhg8 14. 0-0 Rdf8 15. Qb2 b6 16. Rae1 Kb7 17. Kh1 Bc8 18. f4 Qa5 19. Qc1 g6 20. Nf6 Rh8 21. g4 h5 22. gxh5 Ng8 23. hxg6 fxg6 24. Nxg8 Rxh3 25. Nf6 Rfh8 26. Re2 Ne7 27. Be1 Nf5 28. Rg1 R3h6 29. Rgg2 1/2-1/2

[Event "Bundesliga 1213"]
[Site "Germany"]
[Date "2013.03.17"]
[Round "12.2"]
[White "Mchedlishvili, Mikheil"]
[Black "Stellwagen, Daniel"]
[Result "1-0"]
[WhiteElo "2651"]
[BlackElo "2622"]
[PlyCount "115"]
[EventDate "2012.10.20"]
[EventType "team-tourn"]
[EventRounds "15"]
[EventCountry "GER"]
[SourceTitle "CBM 154"]
[Source "ChessBase"]
[SourceDate "2013.05.15"]
[SourceVersion "1"]
[SourceVersionDate "2013.05.15"]
[SourceQuality "1"]
[WhiteTeam "Emsdetten Turm"]
[BlackTeam "Solingen"]
[WhiteTeamCountry "GER"]
[BlackTeamCountry "GER"]

1. Nf3 Nf6 2. c4 g6 3. Nc3 Bg7 4. d4 0-0 5. e4 d6 6. Be2 e5 7. d5 a5 8. Bg5 h6 9. Bh4 Na6 10. Nd2 Qe8 11. 0-0 Bd7 12. b3 Nh7 13. a3 h5 14. f3 Bh6 15. Kh1 Be3 16. Qc2 f5 17. exf5 Bxf5 18. Nde4 Nc5 19. g4 Bxe4 20. Nxe4 g5 21. Nxc5 Bxc5 22. Be1 hxg4 23. fxg4 Rf4 24. Bd2 Kg7 25. Bd3 Nf6 26. Bxf4 gxf4 27. Qg2 Qh8 28. g5 Nh5 29. Qg4 Rf8 30. Kg2 f3+ 31. Rxf3 Nf4+ 32. Kh1 Nxd3 33. Rxd3 Rf2 34. Qd7+ Rf7 35. Qg4 Rf2 36. Rh3 Qf8 37. Rg1 Rf1 38. Qd7+ Qf7 39. Qxf7+ Rxf7 40. g6 Rf4 41. Rh7+ Kg8 42. Rg3 Bf2 43. Rgh3 Rg4 44. Rh8+ Kg7 45. R3h7+ Kxg6 46. Rg8+ Kxh7 47. Rxg4 Bc5 48. a4 c6 49. Kg2 cxd5 50. cxd5 Kh6 51. Kf3 Kh5 52. h3 b6 53. Ke4 Bb4 54. Kf5 Bc5 55. Rg8 Kh4 56. Rh8+ Kg3 57. h4 Kf3 58. Re8 1-0

[Event "Bundesliga 1213"]
[Site "Germany"]
[Date "2013.02.23"]
[Round "9"]
[White "Bobras, Piotr"]
[Black "Stellwagen, Daniel"]
[Result "1-0"]
[WhiteElo "2560"]
[BlackElo "2622"]
[PlyCount "65"]
[EventDate "2012.10.20"]
[EventType "team-tourn"]
[EventRounds "15"]
[EventCountry "GER"]
[SourceTitle "CBM 153"]
[Source "ChessBase"]
[SourceDate "2013.03.14"]
[SourceVersion "1"]
[SourceVersionDate "2013.03.14"]
[SourceQuality "1"]
[WhiteTeam "Trier"]
[BlackTeam "Solingen"]
[WhiteTeamCountry "GER"]
[BlackTeamCountry "GER"]

1. e4 c6 2. d4 d5 3. Nc3 dxe4 4. Nxe4 Bf5 5. Ng3 Bg6 6. h4 h6 7. Nf3 Nd7 8. h5 Bh7 9. Bd3 Bxd3 10. Qxd3 e6 11. Bd2 Ngf6 12. 0-0-0 Be7 13. Kb1 0-0 14. Ne4 Nxe4 15. Qxe4 Nf6 16. Qe2 Qd5 17. Be3 a5 18. Ne5 a4 19. f3 a3 20. b3 Qa5 21. c4 c5 22. g4 cxd4 23. Bxd4 Rad8 24. g5 hxg5 25. h6 g6 26. h7+ Kh8 27. Ba1 Rxd1+ 28. Qxd1 Kg7 29. Qc2 Rh8 30. Qh2 Kf8 31. Nd7+ Ke8 32. Nxf6+ Bxf6 33. Qb8+ 1-0

[Event "Bundesliga 1213"]
[Site "Germany"]
[Date "2013.02.03"]
[Round "8"]
[White "Bekker Jensen, Simon"]
[Black "Stellwagen, Daniel"]
[Result "0-1"]
[WhiteElo "2402"]
[BlackElo "2622"]
[PlyCount "140"]
[EventDate "2012.10.20"]
[EventType "team-tourn"]
[EventRounds "15"]
[EventCountry "GER"]
[SourceTitle "CBM 153"]
[Source "ChessBase"]
[SourceDate "2013.03.14"]
[SourceVersion "1"]
[SourceVersionDate "2013.03.14"]
[SourceQuality "1"]
[WhiteTeam "Norderstedt"]
[BlackTeam "Solingen"]
[WhiteTeamCountry "GER"]
[BlackTeamCountry "GER"]

1. d4 Nf6 2. c4 g6 3. Nc3 Bg7 4. e4 d6 5. f3 0-0 6. Be3 c5 7. Nge2 Nc6 8. d5 Na5 9. Nc1 e6 10. Be2 exd5 11. cxd5 a6 12. a4 Nd7 13. 0-0 Ne5 14. Bf2 f5 15. f4 Ng4 16. Bxg4 fxg4 17. N1e2 Bd7 18. e5 dxe5 19. Bxc5 Rf7 20. Ne4 exf4 21. Rxf4 Rxf4 22. Nxf4 b6 23. Bb4 Bxb2 24. Rb1 Be5 25. Bxa5 bxa5 26. Ne6 Bxe6 27. dxe6 Qd4+ 28. Qxd4 Bxd4+ 29. Kf1 Re8 30. Rd1 Be5 31. Nc5 Bxh2 32. Rd7 Bf4 33. Nd3 Bg3 34. Nc5 Bf4 35. Nd3 Rxe6 36. Nxf4 Rf6 37. g3 g5 38. Rd4 gxf4 39. gxf4 Rb6 40. Kg2 Rb4 41. Rd8+ Kf7 42. Kg3 h5 43. Rd5 Rb3+ 44. Kh4 Rh3+ 45. Kg5 g3 46. Rd7+ Ke6 47. Rd2 Rh2 48. f5+ Ke5 49. Rd1 Rf2 50. Re1+ Kd4 51. Kxh5 g2 52. Rg1 Rxf5+ 53. Kg4 Rf2 54. Kg3 Ra2 55. Rxg2 Rxa4 56. Kf3 Ra3+ 57. Kf4 a4 58. Rg6 Rb3 59. Rxa6 a3 60. Rc6 a2 61. Ra6 Rb2 62. Ra3 Rf2+ 63. Kg3 Rc2 64. Kf4 Kc4 65. Ke4 Kb4 66. Ra8 Kc3 67. Ke3 Kb2 68. Rb8+ Kc1 69. Ra8 Kb1 70. Kd3 Rb2 0-1

[Event "Bundesliga 1213"]
[Site "Germany"]
[Date "2012.10.21"]
[Round "2.2"]
[White "Stellwagen, Daniel"]
[Black "Kraemer, Martin"]
[Result "1/2-1/2"]
[WhiteElo "2622"]
[BlackElo "2520"]
[PlyCount "66"]
[EventDate "2012.10.20"]
[EventType "team-tourn"]
[EventRounds "15"]
[EventCountry "GER"]
[SourceTitle "CBM 151"]
[Source "ChessBase"]
[SourceDate "2012.11.13"]
[SourceVersion "1"]
[SourceVersionDate "2012.11.13"]
[SourceQuality "1"]
[WhiteTeam "Solingen"]
[BlackTeam "Berlin SF"]
[WhiteTeamCountry "GER"]
[BlackTeamCountry "GER"]

1. e4 e5 2. Nf3 Nc6 3. Bb5 a6 4. Ba4 d6 5. 0-0 Bd7 6. d4 Nxd4 7. Bxd7+ Qxd7 8. Nxd4 exd4 9. Qxd4 Nf6 10. c4 Be7 11. Nc3 0-0 12. b3 Rfe8 13. Bb2 c6 14. Rad1 Rad8 15. Rfe1 Qe6 16. h3 Nh5 17. Qe3 h6 18. Ne2 Qg6 19. Nf4 Nxf4 20. Qxf4 Bg5 21. Qg4 Qe6 22. g3 Bf6 23. Qxe6 fxe6 24. e5 Bxe5 25. Bxe5 dxe5 26. Rxd8 Rxd8 27. Rxe5 Rd2 28. Rxe6 Kf7 29. Re4 Rxa2 30. Rd4 Ke7 31. Re4+ Kf6 32. Rf4+ Ke6 33. Re4+ Kf6 1/2-1/2

[Event "Olympiad-40"]
[Site "Istanbul"]
[Date "2012.08.30"]
[Round "3.4"]
[White "Stellwagen, Daniel"]
[Black "Shanava, Konstantine"]
[Result "0-1"]
[WhiteElo "2630"]
[BlackElo "2569"]
[PlyCount "62"]
[EventDate "2012.08.28"]
[EventType "team-swiss"]
[EventRounds "11"]
[EventCountry "TUR"]
[SourceTitle "CBM 151"]
[Source "ChessBase"]
[SourceDate "2012.11.13"]
[SourceVersion "1"]
[SourceVersionDate "2012.11.13"]
[SourceQuality "1"]
[WhiteTeam "Netherlands"]
[BlackTeam "Georgia"]
[WhiteTeamCountry "NED"]
[BlackTeamCountry "GEO"]

1. e4 g6 2. d4 Bg7 3. Nc3 d6 4. f4 Nc6 5. Be3 Nf6 6. Nf3 e6 7. Qd2 a6 8. Bf2 Ne7 9. Bh4 d5 10. e5 Nd7 11. g4 c5 12. 0-0-0 h5 13. h3 cxd4 14. Qxd4 Nc6 15. Qd2 Qa5 16. Kb1 b5 17. Bd3 Nc5 18. f5 exf5 19. gxf5 Nxd3 20. f6 Bh6 21. Qxd3 Bf5 22. Qxd5 0-0 23. Qxc6 Rac8 24. Qd6 Rfd8 25. Qe7 Bxc2+ 26. Ka1 Bxd1 27. e6 Rxc3 28. exf7+ Kh8 29. Bg5 Bb3 30. a3 Bf8 31. Ne5 Bc2 0-1

[Event "Olympiad-40"]
[Site "Istanbul"]
[Date "2012.08.29"]
[Round "2.4"]
[White "Ostos, Julio Eduardo"]
[Black "Stellwagen, Daniel"]
[Result "1/2-1/2"]
[WhiteElo "2345"]
[BlackElo "2630"]
[PlyCount "100"]
[EventDate "2012.08.28"]
[EventType "team-swiss"]
[EventRounds "11"]
[EventCountry "TUR"]
[SourceTitle "CBM 151"]
[Source "ChessBase"]
[SourceDate "2012.11.13"]
[SourceVersion "1"]
[SourceVersionDate "2012.11.13"]
[SourceQuality "1"]
[WhiteTeam "Venezuela"]
[BlackTeam "Netherlands"]
[WhiteTeamCountry "VEN"]
[BlackTeamCountry "NED"]

1. e4 c6 2. d4 d5 3. e5 Bf5 4. Nf3 e6 5. Be2 c5 6. 0-0 Nc6 7. c3 cxd4 8. Nxd4 Nxd4 9. cxd4 Ne7 10. b4 Nc6 11. b5 Na5 12. Qa4 Be7 13. Ba3 b6 14. Rc1 0-0 15. Nd2 Qd7 16. Nb3 Bxa3 17. Qxa3 Nc4 18. Qb4 a5 19. bxa6 Rxa6 20. Bxc4 dxc4 21. Rxc4 Be4 22. Rac1 h6 23. Rc7 Qd8 24. a4 Qa8 25. f3 Bd5 26. Nd2 Rxa4 27. Qxb6 Rb8 28. Qxb8+ Qxb8 29. Rc8+ Qxc8 30. Rxc8+ Kh7 31. Rd8 Rxd4 32. Ne4 Kg6 33. Nd6 Ra4 34. Rd7 f6 35. Ne8 Kf5 36. exf6 gxf6 37. Rf7 Ra8 38. Nc7 Ra7 39. Rg7 Ra2 40. Rg4 Rc2 41. Nb5 e5 42. Rh4 Ke6 43. Rxh6 Rc5 44. Na7 Rc1+ 45. Kf2 Rc2+ 46. Kg1 Rc7 47. Nb5 Rc5 48. Na7 Rc1+ 49. Kf2 Rc2+ 50. Kg1 Rc1+ 1/2-1/2

[Event "NED-chT 1112"]
[Site "Netherlands"]
[Date "2012.04.22"]
[Round "9.1"]
[White "Stellwagen, Daniel"]
[Black "Ris, Robert"]
[Result "0-1"]
[WhiteElo "2625"]
[BlackElo "2403"]
[PlyCount "94"]
[EventDate "2011.09.17"]
[EventType "team-tourn"]
[EventRounds "9"]
[EventCountry "NED"]
[SourceTitle "EXT 2013"]
[Source "ChessBase"]
[SourceDate "2012.11.22"]
[SourceVersion "1"]
[SourceVersionDate "2012.11.22"]
[SourceQuality "1"]
[WhiteTeam "Hilversum HSG"]
[BlackTeam "BSG"]
[WhiteTeamCountry "NED"]
[BlackTeamCountry "NED"]

1. e4 e5 2. Nf3 Nc6 3. Bb5 Nf6 4. 0-0 Bc5 5. Nxe5 Nxe4 6. Qe2 Qe7 7. Bxc6 Nxf2 8. Bd5 Nd3+ 9. Kh1 Nxe5 10. d4 Bxd4 11. Qe4 Bb6 12. Bf4 f6 13. Bxe5 Qxe5 14. Qf3 Kd8 15. Nc3 Re8 16. Qg4 Re7 17. Qh4 c6 18. Rad1 d6 19. Qxh7 Bg4 20. Bf3 Bxf3 21. Rxf3 Kc7 22. Rf5 Qe6 23. Rf4 Rae8 24. Re4 Qg4 25. h3 Qxd1+ 26. Nxd1 Rxe4 27. Qxg7+ R4e7 28. Qxf6 Re1+ 29. Kh2 Bg1+ 30. Kg3 Rg8+ 31. Kh4 Rxg2 32. Qf7+ Kc8 33. Qf5+ Kd8 34. Qf3 Ree2 35. c3 a5 36. a4 d5 37. Kh5 Bc5 38. h4 Re5+ 39. Kh6 Re6+ 40. Kh7 Re7+ 41. Kh6 Rg8 42. Qf4 Rc7 43. Qf6+ Be7 44. Qf5 Bf8+ 45. Kh5 Rcg7 46. Qf6+ Be7 47. Qh6 Rg4 0-1

[Event "Bundesliga 1112"]
[Site "Germany"]
[Date "2012.04.15"]
[Round "15.3"]
[White "Zaragatski, Ilja"]
[Black "Stellwagen, Daniel"]
[Result "1/2-1/2"]
[WhiteElo "2474"]
[BlackElo "2625"]
[PlyCount "46"]
[EventDate "2011.10.14"]
[EventType "team-tourn"]
[EventRounds "15"]
[EventCountry "GER"]
[SourceTitle "CBM 148"]
[Source "ChessBase"]
[SourceDate "2012.05.16"]
[SourceVersion "1"]
[SourceVersionDate "2012.05.16"]
[SourceQuality "1"]
[WhiteTeam "Katernberg"]
[BlackTeam "Solingen"]
[WhiteTeamCountry "GER"]
[BlackTeamCountry "GER"]

1. Nf3 Nf6 2. g3 g6 3. b3 d5 4. Bb2 c5 5. c4 d4 6. b4 Bg7 7. Bg2 0-0 8. 0-0 Re8 9. d3 e5 10. bxc5 Nfd7 11. Nfd2 Nxc5 12. Ba3 Nba6 13. Ne4 Bf8 14. Nxc5 Bxc5 15. Bxc5 Nxc5 16. Nd2 Bd7 17. Nb3 Nxb3 18. axb3 Qb6 19. b4 Qxb4 20. Rb1 Qd6 21. Rxb7 Bc6 22. Bxc6 Qxc6 23. Qb3 e4 1/2-1/2

[Event "Bundesliga 1112"]
[Site "Germany"]
[Date "2012.02.05"]
[Round "9.4"]
[White "Mainka, Romuald"]
[Black "Stellwagen, Daniel"]
[Result "0-1"]
[WhiteElo "2488"]
[BlackElo "2625"]
[PlyCount "86"]
[EventDate "2011.10.14"]
[EventType "team-tourn"]
[EventRounds "15"]
[EventCountry "GER"]
[SourceTitle "CBM 148"]
[Source "ChessBase"]
[SourceDate "2012.05.16"]
[SourceVersion "1"]
[SourceVersionDate "2012.05.16"]
[SourceQuality "1"]
[WhiteTeam "Dortmund Hansa"]
[BlackTeam "Solingen"]
[WhiteTeamCountry "GER"]
[BlackTeamCountry "GER"]

1. e4 c6 2. d4 d5 3. e5 Bf5 4. h4 h5 5. c4 e6 6. Nc3 Nd7 7. a3 dxc4 8. Bxc4 Ne7 9. Bg5 f6 10. exf6 gxf6 11. Be3 Nb6 12. Be2 Bg6 13. Nh3 Ned5 14. Nf4 Nxf4 15. Bxf4 Nd5 16. Bg3 Bd6 17. Bd3 Bxd3 18. Qxd3 Bxg3 19. fxg3 f5 20. 0-0-0 Qd6 21. Rhe1 0-0-0 22. Re5 Nxc3 23. Qxc3 Rhg8 24. Rd3 Rg4 25. Kb1 Re4 26. Re3 Rxd4 27. Qb3 Rd3 28. Qxe6+ Qxe6 29. Rxe6 Rxe3 30. Rxe3 Kd7 31. Kc2 Re8 32. Rd3+ Kc7 33. Rd2 Re5 34. Rf2 Kd6 35. Kd3 Kd5 36. Rf4 c5 37. Ra4 a6 38. Rf4 b5 39. b3 Ke6 40. a4 Re1 41. axb5 axb5 42. Rf2 Rd1+ 43. Kc2 Rd4 0-1

[Event "Bundesliga 1112"]
[Site "Germany"]
[Date "2011.11.20"]
[Round "5.2"]
[White "Howell, David"]
[Black "Stellwagen, Daniel"]
[Result "1/2-1/2"]
[WhiteElo "2633"]
[BlackElo "2625"]
[PlyCount "43"]
[EventDate "2011.10.14"]
[EventType "team-tourn"]
[EventRounds "15"]
[EventCountry "GER"]
[SourceTitle "CBM 146"]
[Source "ChessBase"]
[SourceDate "2012.01.18"]
[SourceVersion "1"]
[SourceVersionDate "2012.01.18"]
[SourceQuality "1"]
[WhiteTeam "Trier"]
[BlackTeam "Solingen"]
[WhiteTeamCountry "GER"]
[BlackTeamCountry "GER"]

1. e4 e6 2. d4 d5 3. Nd2 c5 4. Ngf3 cxd4 5. Nxd4 Nf6 6. exd5 Nxd5 7. N2f3 Bb4+ 8. Bd2 0-0 9. c4 e5 10. cxd5 Bxd2+ 11. Qxd2 exd4 12. Qxd4 Re8+ 13. Be2 Bf5 14. Qd2 Be4 15. d6 Bxf3 16. gxf3 Qh4 17. 0-0-0 Qxf2 18. Bc4 Qxd2+ 19. Rxd2 Nc6 20. h4 Kf8 21. Bd5 Rad8 22. Be4 1/2-1/2

[Event "EU-chT (Men) 18th"]
[Site "Porto Carras"]
[Date "2011.11.04"]
[Round "2.4"]
[White "Stellwagen, Daniel"]
[Black "Brynell, Stellan"]
[Result "1-0"]
[WhiteElo "2627"]
[BlackElo "2486"]
[PlyCount "79"]
[EventDate "2011.11.03"]
[EventType "team-swiss"]
[EventRounds "9"]
[EventCountry "GRE"]
[SourceTitle "CBM 146"]
[Source "ChessBase"]
[SourceDate "2012.01.18"]
[SourceVersion "1"]
[SourceVersionDate "2012.01.18"]
[SourceQuality "1"]
[WhiteTeam "Netherlands"]
[BlackTeam "Sweden"]
[WhiteTeamCountry "NED"]
[BlackTeamCountry "SWE"]

1. e4 e6 2. d4 d5 3. Nc3 Nf6 4. Bg5 Be7 5. e5 Nfd7 6. Bxe7 Qxe7 7. f4 0-0 8. Nf3 c5 9. Qd2 Nc6 10. dxc5 Qxc5 11. Bd3 f6 12. exf6 Nxf6 13. 0-0-0 Bd7 14. Kb1 a6 15. Rhe1 Rae8 16. Re2 b5 17. Rde1 Kh8 18. g3 Rc8 19. Ne5 Nxe5 20. Rxe5 Qb6 21. Qe2 b4 22. Nd1 a5 23. Qf2 Qxf2 24. Nxf2 Kg8 25. Kc1 Kf7 26. Kd2 Rfe8 27. Nh3 h6 28. Ng1 Bc6 29. Nf3 Nd7 30. R5e2 Bb7 31. Bb5 Bc6 32. Ba6 Ra8 33. Bd3 Kf6 34. Nd4 Bb7 35. Rxe6+ Rxe6 36. Rxe6+ Kf7 37. Bg6+ Kf8 38. Rd6 Nf6 39. Ne6+ Kg8 40. Nc5 1-0

[Event "NED CupT"]
[Site "Bussum"]
[Date "2011.06.02"]
[Round "1"]
[White "Stellwagen, Daniel"]
[Black "Willemze, Thomas"]
[Result "1/2-1/2"]
[WhiteElo "2624"]
[BlackElo "2377"]
[PlyCount "83"]
[EventDate "2011.06.02"]
[EventType "team-k.o."]
[EventRounds "2"]
[EventCountry "NED"]
[SourceTitle "CBM 142 Extra"]
[Source "ChessBase"]
[SourceDate "2011.06.27"]
[SourceVersion "1"]
[SourceVersionDate "2011.06.27"]
[SourceQuality "1"]
[WhiteTeam "Hilversum HSG"]
[BlackTeam "Utrecht"]
[WhiteTeamCountry "NED"]
[BlackTeamCountry "NED"]

1. e4 c6 2. d4 d5 3. Nc3 dxe4 4. Nxe4 Bf5 5. Ng3 Bg6 6. h4 h6 7. Nf3 Nd7 8. h5 Bh7 9. Bd3 Bxd3 10. Qxd3 e6 11. Bd2 Ngf6 12. 0-0-0 Be7 13. Ne4 Nxe4 14. Qxe4 Nf6 15. Qe2 Qd5 16. c4 Qe4 17. Qf1 Ng4 18. Re1 Qf5 19. Ne5 Rd8 20. f3 Nxe5 21. Rxe5 Qh7 22. Re4 0-0 23. Qe2 Bf6 24. Be3 b5 25. g4 Bg5 26. Bxg5 hxg5 27. Rd1 bxc4 28. Qxc4 Qh6 29. Rd3 Qf6 30. Rc3 g6 31. hxg6 Qxg6 32. Qxc6 Qh7 33. Re5 Qh1+ 34. Kc2 Qg2+ 35. Kb1 Qd2 36. Rc2 Qf4 37. Rcc5 f6 38. Qxe6+ Rf7 39. Rc7 fxe5 40. Qg6+ Kf8 41. Qh6+ Kg8 42. Qg6+ 1/2-1/2

[Event "NED-chT 1011"]
[Site "Netherlands"]
[Date "2011.05.15"]
[Round "9.4"]
[White "Versteeg, Henny"]
[Black "Stellwagen, Daniel"]
[Result "0-1"]
[WhiteElo "2007"]
[BlackElo "2624"]
[PlyCount "37"]
[EventDate "2010.09.25"]
[EventType "team"]
[EventRounds "9"]
[EventCountry "NED"]
[SourceTitle "EXT 2012"]
[Source "ChessBase"]
[SourceDate "2011.11.24"]
[SourceVersion "1"]
[SourceVersionDate "2011.11.24"]
[SourceQuality "1"]
[WhiteTeam "Rotterdam"]
[BlackTeam "Hilversum HSG"]
[WhiteTeamCountry "NED"]
[BlackTeamCountry "NED"]

1. d4 Nf6 2. c4 g6 3. Nc3 Bg7 4. e4 d6 5. f4 0-0 6. Nf3 c5 7. d5 e6 8. dxe6 fxe6 9. Bd3 Nc6 10. 0-0 Nd4 11. Ng5 h6 12. e5 dxe5 13. fxe5 Nd7 14. Bxg6 hxg5 15. Qh5 Rxf1+ 16. Kxf1 Nxe5 17. Bh7+ Kf8 18. Kg1 Qe8 19. Qxg5 0-1

[Event "NED-chT 1011"]
[Site "Netherlands"]
[Date "2011.03.12"]
[Round "7.4"]
[White "Hoeksema, Hendrik Pieter"]
[Black "Stellwagen, Daniel"]
[Result "1/2-1/2"]
[WhiteElo "2312"]
[BlackElo "2635"]
[PlyCount "68"]
[EventDate "2010.09.25"]
[EventType "team"]
[EventRounds "9"]
[EventCountry "NED"]
[SourceTitle "EXT 2012"]
[Source "ChessBase"]
[SourceDate "2011.11.24"]
[SourceVersion "1"]
[SourceVersionDate "2011.11.24"]
[SourceQuality "1"]
[WhiteTeam "Groningen"]
[BlackTeam "Hilversum HSG"]
[WhiteTeamCountry "NED"]
[BlackTeamCountry "NED"]

1. d4 Nf6 2. c4 g6 3. Nc3 Bg7 4. e4 d6 5. Nf3 0-0 6. Be2 e5 7. 0-0 Nc6 8. Be3 Ng4 9. Bg5 f6 10. Bc1 f5 11. dxe5 Ngxe5 12. exf5 Bxf5 13. Be3 Qd7 14. Nxe5 Nxe5 15. Qd2 Rae8 16. Rad1 b6 17. Bh6 Be6 18. b3 a5 19. Bxg7 Qxg7 20. f4 Nd7 21. Bf3 Nc5 22. Rfe1 h6 23. Ne4 Nxe4 24. Bxe4 Bg4 25. Rc1 Qf6 26. g3 Kg7 27. Bc6 Rxe1+ 28. Rxe1 g5 29. fxg5 hxg5 30. Bg2 Bh5 31. Rf1 Qe5 32. Re1 Qf6 33. Rf1 Qe5 34. Re1 Qf6 1/2-1/2

[Event "Bundesliga 1011"]
[Site "Germany"]
[Date "2011.02.06"]
[Round "9.3"]
[White "Stellwagen, Daniel"]
[Black "Erdos, Viktor"]
[Result "1/2-1/2"]
[WhiteElo "2635"]
[BlackElo "2576"]
[PlyCount "73"]
[EventDate "2010.10.09"]
[EventType "team-tourn"]
[EventRounds "15"]
[EventCountry "GER"]
[SourceTitle "EXT 2012"]
[Source "ChessBase"]
[SourceDate "2011.11.24"]
[SourceVersion "1"]
[SourceVersionDate "2011.11.24"]
[SourceQuality "1"]
[WhiteTeam "Solingen"]
[BlackTeam "Trier"]
[WhiteTeamCountry "GER"]
[BlackTeamCountry "GER"]

1. e4 e5 2. Nf3 Nc6 3. Bb5 Nf6 4. 0-0 Nxe4 5. d4 Be7 6. Qe2 Nd6 7. Bxc6 bxc6 8. dxe5 Nb7 9. c4 0-0 10. Nc3 f6 11. Re1 fxe5 12. Qxe5 Bf6 13. Qg3 Nd6 14. c5 Nf5 15. Qf4 Rb8 16. Ne4 d6 17. Nxf6+ Qxf6 18. Qc4+ Qf7 19. Qxf7+ Rxf7 20. b3 h6 21. Ba3 d5 22. Re8+ Rf8 23. Rae1 g5 24. Bb2 Rb4 25. Bc3 Rf4 26. Bd2 Rxf3 27. gxf3 Nh4 28. Rxf8+ Kxf8 29. Rd1 Bh3 30. f4 Nf3+ 31. Kh1 Kf7 32. fxg5 hxg5 33. Bc3 Kg6 34. Rd3 g4 35. Re3 d4 36. Rxf3 gxf3 37. Bxd4 1/2-1/2

[Event "Bundesliga 1011"]
[Site "Germany"]
[Date "2010.11.14"]
[Round "4.3"]
[White "Stellwagen, Daniel"]
[Black "Bischoff, Klaus"]
[Result "1/2-1/2"]
[WhiteElo "2635"]
[BlackElo "2553"]
[PlyCount "97"]
[EventDate "2010.10.09"]
[EventType "team-tourn"]
[EventRounds "15"]
[EventCountry "GER"]
[SourceTitle "EXT 2012"]
[Source "ChessBase"]
[SourceDate "2011.11.24"]
[SourceVersion "1"]
[SourceVersionDate "2011.11.24"]
[SourceQuality "1"]
[WhiteTeam "Solingen"]
[BlackTeam "Katernberg"]
[WhiteTeamCountry "GER"]
[BlackTeamCountry "GER"]

1. e4 c5 2. Nf3 e6 3. d4 cxd4 4. Nxd4 a6 5. Nc3 Qc7 6. Bd3 Nf6 7. f4 d6 8. g4 Nc6 9. Nxc6 bxc6 10. g5 Nd7 11. Qf3 Bb7 12. b3 d5 13. Bb2 d4 14. Ne2 e5 15. c3 dxc3 16. Bxc3 exf4 17. 0-0 Ne5 18. Bxe5 Qxe5 19. Qxf4 Qxf4 20. Nxf4 Be7 21. h4 g6 22. Bc4 0-0 23. Rad1 Bc8 24. Nd3 Kg7 25. Ne5 Ra7 26. Kg2 f5 27. Nxc6 Rc7 28. Nxe7 Rxe7 29. exf5 Bxf5 30. Rde1 Rd7 31. Rd1 Re7 32. Rde1 Rd7 33. Kg3 h6 34. Rd1 Rc7 35. Rfe1 a5 36. Re5 hxg5 37. hxg5 Rh8 38. Rde1 Rh3+ 39. Kf4 Rh4+ 40. Kf3 Rh3+ 41. Kg2 Rh5 42. Rxa5 Rxg5+ 43. Kf2 Rh5 44. a4 Kf6 45. Re2 Rh3 46. Rd5 Rc3 47. Re3 Rc2+ 48. Re2 Rc3 49. Re3 1/2-1/2

[Event "Olympiad-39"]
[Site "Khanty-Mansiysk"]
[Date "2010.09.30"]
[Round "9.4"]
[White "Kvon, Andrey"]
[Black "Stellwagen, Daniel"]
[Result "1/2-1/2"]
[WhiteElo "2448"]
[BlackElo "2635"]
[PlyCount "104"]
[EventDate "2010.09.21"]
[EventType "team-swiss"]
[EventRounds "11"]
[EventCountry "RUS"]
[SourceTitle "CBM 139"]
[Source "ChessBase"]
[SourceDate "2010.11.18"]
[SourceVersion "1"]
[SourceVersionDate "2010.11.18"]
[SourceQuality "1"]
[WhiteTeam "Uzbekistan"]
[BlackTeam "Netherlands"]
[WhiteTeamCountry "UZB"]
[BlackTeamCountry "NED"]

1. d4 Nf6 2. c4 g6 3. Nc3 Bg7 4. e4 d6 5. f3 0-0 6. Be3 c5 7. dxc5 dxc5 8. Qxd8 Rxd8 9. Bxc5 Nc6 10. Ba3 a5 11. Rd1 Rxd1+ 12. Kxd1 Nb4 13. Nge2 e6 14. Nc1 Bd7 15. Nd3 Bf8 16. c5 Na6 17. e5 Nd5 18. Nxd5 exd5 19. Kd2 d4 20. Be2 Bc6 21. Rg1 Nc7 22. f4 Nd5 23. Bf3 Bh6 24. Bxd5 Bxd5 25. g4 Bxa2 26. g5 Bf8 27. Nf2 h6 28. h4 Bd5 29. Kd3 Bc6 30. Kxd4 Be7 31. Ke3 Kg7 32. Rg3 Rd8 33. Rg1 Rh8 34. Rg3 Rd8 35. Rg1 Rh8 36. Rd1 hxg5 37. hxg5 Rh2 38. Rg1 Kf8 39. Rg3 Ke8 40. Rh3 Rg2 41. Ne4 Kd7 42. Nc3 a4 43. Ne2 Bd5 44. Rg3 Rh2 45. Rg1 Rh3+ 46. Rg3 Rh2 47. Rg1 Rh3+ 48. Rg3 Rh4 49. Rg1 Rh3+ 50. Rg3 Rh2 51. Rg1 Rh3+ 52. Rg3 Rh2 1/2-1/2

[Event "Olympiad-39"]
[Site "Khanty-Mansiysk"]
[Date "2010.09.28"]
[Round "7.4"]
[White "Corrales Jimenez, Fidel"]
[Black "Stellwagen, Daniel"]
[Result "0-1"]
[WhiteElo "2599"]
[BlackElo "2635"]
[PlyCount "56"]
[EventDate "2010.09.21"]
[EventType "team-swiss"]
[EventRounds "11"]
[EventCountry "RUS"]
[SourceTitle "CBM 139"]
[Source "ChessBase"]
[SourceDate "2010.11.18"]
[SourceVersion "1"]
[SourceVersionDate "2010.11.18"]
[SourceQuality "1"]
[WhiteTeam "Cuba"]
[BlackTeam "Netherlands"]
[WhiteTeamCountry "CUB"]
[BlackTeamCountry "NED"]

1. e4 c6 2. d4 d5 3. Nc3 dxe4 4. Nxe4 Bf5 5. Ng3 Bg6 6. h4 h6 7. Nf3 Nd7 8. h5 Bh7 9. Bd3 Bxd3 10. Qxd3 e6 11. Bd2 Ngf6 12. 0-0-0 Be7 13. Ne4 Nxe4 14. Qxe4 Nf6 15. Qe2 Qd5 16. c4 Qe4 17. Qf1 0-0 18. Re1 Qh7 19. Qe2 Rad8 20. Bc3 Rfe8 21. Rh3 b5 22. Ne5 bxc4 23. Rf3 Nd5 24. Nxf7 Nxc3 25. bxc3 Rb8 26. Qe4 Ba3+ 27. Kd2 Rb2+ 28. Ke3 Re2+ 0-1